| 000 | 01089cam a22002894a 4500 | ||
|---|---|---|---|
| 003 | BD-DhBUF | ||
| 005 | 20220327122603.0 | ||
| 008 | 030521s2004 maua b 001 0 eng | ||
| 020 | _a0072834110 (alk. paper) | ||
| 020 | _a0071214674 (international : alk. paper) | ||
| 040 |
_aDLC _cDLC _dBD-DhBUF |
||
| 050 | 0 | 0 |
_aQA76 _b.H215 2004 |
| 082 | 0 | 0 |
_a004 _221 |
| 100 | 1 |
_aHaag, Stephen. _92217 |
|
| 245 | 1 | 0 |
_aComputing concepts : _bcomplete edition / _cStephen Haag, Maeve Cummings, Alan I. Rea, Jr. |
| 250 | _a2nd ed. | ||
| 260 |
_aBoston : _bMcGraw-Hill Technology Education, _cc2004. |
||
| 300 |
_axxxi, 556 p. : _bill. (some col.) ; _c28 cm. |
||
| 440 | 4 | _aThe I series | |
| 504 | _aIncludes bibliographical references (p. 538-539) and index. | ||
| 650 | 0 | _aElectronic data processing. | |
| 700 | 1 |
_aCummings, Maeve. _92218 |
|
| 700 | 1 |
_aRea, Alan I. _92219 |
|
| 856 | 4 | 1 |
_3Table of contents _uhttp://www.loc.gov/catdir/toc/mh051/2003054084.html |
| 856 | 4 | 2 |
_3Contributor biographical information _uhttp://www.loc.gov/catdir/enhancements/fy0737/2003054084-b.html |
| 942 |
_2ddc _cBK |
||
| 999 |
_c1213 _d1213 |
||